Исследование характеристик зажигания и горения водоугольного топлива выполненного на основе пирогенетической жидкости, полученной в результате переработки различных типов биомассы; Бутаковские чтения

Detalles Bibliográficos
Parent link:Бутаковские чтения.— 2022.— [С. 342-344]
Autor principal: Калтаев А. Альберт
Autor Corporativo: Национальный исследовательский Томский политехнический университет Инженерная школа энергетики Научно-образовательный центр И. Н. Бутакова (НОЦ И. Н. Бутакова)
Otros Autores: Ларионов К. Б. Кирилл Борисович (научный руководитель), Губин В. Е. Владимир Евгеньевич
Sumario:Заглавие с экрана
Lenguaje:ruso
Publicado: 2022
Colección:Экологические проблемы энергетики
Materias:
Acceso en línea:http://earchive.tpu.ru/handle/11683/76039
Formato: MixedMaterials Electrónico Capítulo de libro
KOHA link:https://koha.lib.tpu.ru/cgi-bin/koha/opac-detail.pl?biblionumber=635730

MARC

LEADER 00000naa2a2200000 4500
001 635730
005 20240212154442.0
035 |a (RuTPU)RU\TPU\conf\37587 
035 |a RU\TPU\conf\37585 
090 |a 635730 
100 |a 20230531d2022 k y0rusy50 ca 
101 0 |a rus 
102 |a RU 
105 |a y z 101zy 
135 |a drcn ---uucaa 
181 0 |a i  
182 0 |a b 
200 1 |a Исследование характеристик зажигания и горения водоугольного топлива выполненного на основе пирогенетической жидкости, полученной в результате переработки различных типов биомассы  |f А. Калтаев, К. Б. Ларионов, В. Е. Губин  |g науч. рук. В. Е. Губин 
203 |a Текст  |c электронный 
225 1 |a Экологические проблемы энергетики 
300 |a Заглавие с экрана 
320 |a [Библиогр.: с. 343-344 (14 назв.)] 
463 0 |0 (RuTPU)RU\TPU\conf\37517  |t Бутаковские чтения  |o материалы II Всероссийской с международным участием молодежной конференции, 13-15 декабря 2022 г., Томск  |f Национальный исследовательский Томский политехнический университет ; ред. кол. А. С. Заворин, А. С. Матвеев, С. Г. Обухов [и др.]  |v [С. 342-344]  |d 2022 
610 1 |a электронный ресурс 
610 1 |a труды учёных ТПУ 
610 1 |a характеристики 
610 1 |a зажигание 
610 1 |a горение 
610 1 |a водоугольные топлива 
610 1 |a жидкости 
610 1 |a переработка 
610 1 |a биомасса 
610 1 |a возобновляемые ресурсы 
700 1 |a Калтаев  |b А.  |c физик  |c ассистент кафедры Томского политехнического университета  |f 1995-  |g Альберт  |3 (RuTPU)RU\TPU\pers\47141 
701 1 |a Ларионов  |b К. Б.  |c специалист в области теплоэнергетики  |c техник Томского политехнического университета  |f 1990-  |g Кирилл Борисович  |3 (RuTPU)RU\TPU\pers\32948 
701 1 |a Губин  |b В. Е.  |c специалист в области энергетики  |c доцент Томского политехнического университета, кандидат технических наук  |f 1976-  |g Владимир Евгеньевич  |3 (RuTPU)RU\TPU\pers\25985  |9 11834 
702 1 |a Губин  |b В. Е.  |c специалист в области энергетики  |c доцент Томского политехнического университета, кандидат технических наук  |f 1976-  |g Владимир Евгеньевич  |4 727 
712 0 2 |a Национальный исследовательский Томский политехнический университет  |b Инженерная школа энергетики  |b Научно-образовательный центр И. Н. Бутакова (НОЦ И. Н. Бутакова)  |3 (RuTPU)RU\TPU\col\23504 
801 2 |a RU  |b 63413507  |c 20230615  |g RCR 
856 4 |u http://earchive.tpu.ru/handle/11683/76039 
942 |c BK